MDQL
is popping MORE tags! Check the
thread
!
Quizzes
Events
Quiz Creation
Community
Videos
Private Events
Remove Ads
Sign In
Join for FREE
Feedback
Dark Mode
Quiz Categories
Sports
Geography
Music
Movies
Television
Just For Fun
Miscellaneous
History
Literature
Language
Science
Gaming
Entertainment
Religion
Holiday
For Kids
Quiz Lab
Recent
Popular Today
Quiz Kudos Today
Editor Picks
Curator Picks
Quizzes by...
Day
Popularity
Type
Ratings
Length
Year
Community
Subscriptions
Recent Discussions
Orange Saloon
Badges
Playlists
Quests
Create
Leaderboards
Showdown
Live 5
Trivia Bingo
Activity
Puzzle Library
Sporcle Events
Private Events
Virtual Trivia
Globe League
Become a Host
Pub Owners
SporcleCon
Opinionation
Our Games
Videos
Blog
Mobile Apps
Partnerships
Remove Ads and Go Orange
Feedback
Music
Pop Music
The Beatles
Song
Album
Lyrics
Bands
Singers
Artist
Clip
Rock
Rap
Classical
Billboard
Country Music
Kpop
Taylor Swift
Music
Pop Music
The Beatles
Song
Album
Lyrics
Bands
Singers
Artist
Clip
Rock
Rap
Classical
Billboard
Country Music
Kpop
Taylor Swift
Random Quiz
Search Sporcle
×
Quiz Lab
Quiz Lab
Music
Lyrics
Type in answers that appear in a list
Type in answers that appear in a list
Classic
Best Score? Go Orange.
Number Of The Beast Stats
Can you name the Lyrics For The Number Of The Beast?
By
fuzzyhead123
15m
60 Questions
124 Plays
124 Plays
124 Plays
Comments
Comments
Give Quiz Kudos
Give Quiz Kudos
-
- Ratings
hide this ad
Forced Order
Answers have to be entered in order
Answers have to be entered in order
Replay
Link that replays current quiz
Next Quiz
Link to next quiz in quiz playlist
You Got
0%
They Got
Avg Score
35%
Avg Friend Score
Upgrade to see
Score Distribution
Jump to the score distribution portion of the page
Score
0/60
Timer
15:00
0
Plays Today
Start Of Line
Missing Lyrics
% Correct
That What I Saw That Night ...
Was Real And Not Just Fantasy
65.3%
My ...
Mind Was Blank
62.9%
Could ...
I Believe
59.7%
What ...
Did I See
58.9%
Just ...
What I Saw
58.9%
I Needed Time To Think ...
To Get The Memories From My Mind
57.3%
Night ...
Was Black
53.2%
It's
Always There
50.8%
The ...
Number Of The Beast
50.8%
Those Famous Numbers
6-6-6
49.2%
Those Famous Numbers
6-6-6
47.6%
Biblical Verse
For The Devil Sends The Beast With Wrath
46.8%
'Cause ...
In My Dreams
46.8%
Biblical Verse
For It Is A Human Number
46%
The ...
Number Of The Beast
45.2%
Biblical Verse
Woe To You Oh Earth And Sea
44.4%
Biblical Verse
Its Number Is Six Hundred And Sixty Six
43.5%
'Cause I ...
Just Had To See
43.5%
SCREAM
YEAH
41.1%
Was ...
Someone Watching Me
41.1%
In ...
The Mist
40.3%
Dark Figures ...
Move And Twist
40.3%
The Evil Face That Twists ...
My Mind And Brings Me To Despair
39.5%
Satan's ...
Work Is Done
39.5%
Was No ...
Use Holding Back
38.7%
Was All ...
This For Real
38.7%
Or Just Some ...
Kind Of Hell
38.7%
Hands Held ...
To The Sky
38.7%
Sacrifice ...
Is Going On Tonight
38.7%
Those Famous Numbers
6-6-6
38.7%
Start Of Line
Missing Lyrics
% Correct
Torches ...
Blazed and
37.9%
This ...
Can't Go On
35.5%
Biblical Verse
Reckon The Number Of The Beast
33.9%
In ...
The Night
33.1%
In ...
My Old Dreams
31.5%
I ...
Will Return
31.5%
Vocals Enter
I Lived Alone
29.8%
The ...
Ritual Has Begun
29.8%
I'm ...
Coming Back
29%
Can This ...
Still Be Real
27.4%
Or ...
Just Some Crazy Dream
27.4%
6-
6-
6 ...
The One For You And Me
27.4%
Biblical Verse
Because He Knows That Time Is Short
26.6%
As They ...
Start To Cry
24.2%
I'll ...
Have The Force
24.2%
I'll ...
Have The Power
24.2%
The ...
Fires Are Burning Bright
23.4%
And I'll ...
Possess Your Body
23.4%
And I'll ...
Make You Burn
23.4%
I'll ...
Have The Fire
23.4%
To Make ...
My Evil Take Its Course
23.4%
Seem To Mesmorise ...
Can't Avoid Their Eyes
22.6%
Were They Reflections Of ...
My Warped Mind Staring Back At Me
21.8%
Sacred ...
Chants Were Phrased
21.8%
Hell And Fire ...
Was Spawned To Be Released
21%
Biblical Verse
Let Him Who Have Understanding
18.5%
I Must ...
Inform The Lord
12.9%
But ...
I Feel Drawn
11.3%
Guitar Solo
Murray
9.7%
Towards ...
The Chanting Hordes
9.7%
Quiz Playlist
Details
Report
Send in Message
Add To Playlist
Classic:
Type in answers that appear in a list
Forced Order:
Answers have to be entered in order
Last Updated: Feb 16, 2017
Quiz Scoreboard
CHALLENGE
Sign Up to Join the Scoreboard
Show All
Scores
Hide
Comments
May contain spoilers
Recently Published
Street Fighter Characters
by Artimus82
Gaming
60s
9x9 Crossword: Cartoon Network
by jackfrog10
Miscellaneous
3m
College Basketball Coaching Resumes
by pancakes188
Sports
9m
More to Explore
Quiz From the Vault
Featured Blog Post
Where Did the Easter Bunny Come From?
hide this ad
You Might Also Like...
Tags
Lyrics Quiz
Numbers Quiz
beast
start
Today's Top Quizzes in Music
Browse Music
hide this ad
Today's Top Quizzes in Lyrics
Browse Lyrics
Top Contributed Quizzes in Music
1
Taylor Swift All Songs (2024)
2
Taylor Swift Logic Puzzle
3
Guess the Artist- 70s Songs
4
7-to-1: Billboard Hot 100 #1 Hits of 2010s
5
Sorting Albums and Songs
6
KPOP LOGIC QUIZ
7
Guess the Taylor Swift song (Mystery Song)
8
Guess The Taylor Swift Lyrics Song #1
9
Billboard Blitz: ABBA
10
Billboard Blitz: The Beatles
Explore More
Trending Topics
Disney
Kpop
Harry Potter
NBA
Anime
Crossword
Marvel
The Office
WWE
Country
NFL
Puzzle
Song
Pokémon
Soccer
hide this ad
More By:
fuzzyhead123
Quiz
Plays
Rating
Category
Featured
Created
FIFA World Cup Golden Ball Winners
97,194
4.57
Sports
Feb 7, 2010
The Best Cover Songs
1,605
3.74
Music
Jan 8, 2010
Bands of Live Aid
775
3.33
Music
Feb 8, 2010
09/10 European Clubs
582
2.70
Sports
Nov 11, 2009
Premiership Top Goal Scorer Per Season
429
1.80
Sports
Nov 10, 2009
Go to Creator's Profile
Score Distribution
Quiz Creator Spotlight
fuzzyhead123
Follow
Send a Message
Quizzes Created
-
Created Quiz Play Count
-
More By This Creator
Popular Quizzes Today
1
Find the US States - No Outlines Minefield
2
Find the Countries of Europe - No Outlines Minefield
3
The Countries of the World
4
Find the US States
5
Risky Map Clicking: Biggest States A-Z
6
US States
7
Popular People in 1961
8
Movies - When Are They Set?
More Music Quizzes
One Thing in Common: Music VI
Quiz Lab
Trending Quizzes
Risky Map Clicking: Least Populous States A-Z
Countries of the World: 200 Million BC
1-10 Letter G Words
Risky Map Clicking: Next State Alphabetically
Adjectives in 80s TV Shows
Recently Updated
Leaping Animals
pecheneg
Reality TV Shows (A-Z)
bhenderson79
Rickey Henderson's Hall of Fame Teammates
pecheneg
Champions League XIs: Arsenal
pecheneg
Quick Pick: Celebrities in WWE's Hall of Fame
aduchscher
A-Z Keypad Blitz II
pecheneg
Multiple Oscar Actors
pecheneg
Mystery Phrase Blitz: Oscar 'Best Actors'
pecheneg
F. Scott Fitzgerald Novels
LTH
Pick 3 Villains
ddd62291
Trending Topics
Marvel
Disney
Anime
NBA
Crossword
Kpop
Harry Potter
Song
WWE
The Office
Puzzle
Pokémon
Soccer
NFL
Country
Your Account Isn't Verified!
In order to create a playlist on Sporcle, you need to verify the email address you used during registration. Go to your
Sporcle Settings
to finish the process.
Report this User
Report this user for behavior that violates our
Community Guidelines
.
Details:
Send Report
Go to the Sporcle.com Mobile Site →
Comments